ბათუმის შოთა რუსთაველის სახელმწიფო უნივერსიტეტის ბიბლიოთეკა

პრაქტიკუმი აგროეკოლოგიაში (ბიბ.ჩანაწერი № 50791)

000 -LEADER
fixed length control field 00721nam a2200217Ia 4500
001 - CONTROL NUMBER
control field 17743
003 - CONTROL NUMBER IDENTIFIER
control field GE_BSU
008 - FIXED-LENGTH DATA ELEMENTS--GENERAL INFORMATION
fixed length control field 181216s||||||||xx |||||||||||||| ||und||
020 ## - INTERNATIONAL STANDARD BOOK NUMBER
International Standard Book Number 9789941912214
040 ## - CATALOGING SOURCE
Transcribing agency GE_BSU
080 ## - UNIVERSAL DECIMAL CLASSIFICATION NUMBER
Universal Decimal Classification number 631.95(076.5)
100 ## - MAIN ENTRY--PERSONAL NAME
Personal name ურუშაძე,თეო., ხომასურიძე, დიანა
245 ## - TITLE STATEMENT
Title პრაქტიკუმი აგროეკოლოგიაში
260 ## - PUBLICATION, DISTRIBUTION, ETC.
Place of publication, distribution, etc. ქუთაისი
260 ## - PUBLICATION, DISTRIBUTION, ETC.
Name of publisher, distributor, etc. მწიგნობარი
260 ## - PUBLICATION, DISTRIBUTION, ETC.
Date of publication, distribution, etc. 2010
300 ## - PHYSICAL DESCRIPTION
Extent 146გვ.ცხრ.20სმ.
300 ## - PHYSICAL DESCRIPTION
Accompanying material ბიბლ.გვ.143-144
653 ## - INDEX TERM--UNCONTROLLED
Uncontrolled term პრაქტიკუმი აგროეკოლოგიაში
942 ## - ADDED ENTRY ELEMENTS (KOHA)
Koha item type წიგნი
ეგზემპლარები
Withdrawn status Lost status Damaged status Not for loan Date acquired Barcode Date last seen Price effective from Koha item type
        2018-12-17 41599 2018-12-17 2018-12-17 წიგნი